书目信息 |
| 题名: |
从司马到司马
|
|
| 作者: | 张传华 著 | |
| 分册: | ||
| 出版信息: | 北京 中国文史出版社 2020 |
|
| 页数: | 258页 | |
| 开本: | 24cm | |
| 丛书名: | ||
| 单 册: | ||
| 中图分类: | K237.09 | |
| 科图分类: | ||
| 主题词: | 晋代--jin dai--历史--通俗读物 | |
| 电子资源: | ||
| ISBN: | 978-7-5205-1184-1 | |
| 000 | 00886nam0 2200241 450 | |
| 001 | 2160495665 | |
| 005 | 20210926145251.0 | |
| 010 | @a978-7-5205-1184-1@dCNY49.00 | |
| 100 | @a20200303d2020 em y0chiy50 ea | |
| 101 | 0 | @achi |
| 102 | @aCN@b110000 | |
| 105 | @ay z 000yy | |
| 106 | @ar | |
| 200 | 1 | @a从司马到司马@Acong si ma dao si ma@e两晋第一家族兴衰路@f张传华著 |
| 210 | @a北京@c中国文史出版社@d2020 | |
| 215 | @a258页@d24cm | |
| 330 | @a本书的写作风格为学术与文学交织, 深入浅出, 通俗易懂, 既有大量的史料引述, 旁征博引, 也有轻松活泼的文学描写, 不呆板, 不枯燥, 可读性强。既是学者研究历史的参考资料, 又适合大众阅读。 | |
| 517 | 1 | @a两晋第一家族兴衰路@Aliang jin di yi jia zu xing shuai lu |
| 606 | 0 | @a晋代@Ajin dai@x历史@j通俗读物 |
| 690 | @aK237.09@v5 | |
| 701 | 0 | @a张传华@Azhang chuan hua@4著 |
| 801 | 0 | @aCN@b百万庄@c20210925 |
| 905 | @b1300275-78@dK237.09@e147@f4 | |
| 从司马到司马:两晋第一家族兴衰路/张传华著.-北京:中国文史出版社,2020 |
| 258页;24cm |
| ISBN 978-7-5205-1184-1:CNY49.00 |
| 本书的写作风格为学术与文学交织, 深入浅出, 通俗易懂, 既有大量的史料引述, 旁征博引, 也有轻松活泼的文学描写, 不呆板, 不枯燥, 可读性强。既是学者研究历史的参考资料, 又适合大众阅读。 |
| ● |
| 相关链接 |
|
|
|
|
正题名:从司马到司马
索取号:K237.09/147
 
预约/预借
| 序号 | 登录号 | 条形码 | 馆藏地/架位号 | 状态 | 备注 |
| 1 | 1300275 | 213002757 | 第二样本阅览室/ [索取号:K237.09/147] | 在馆 | |
| 2 | 1300276 | 213002766 | 第二借阅区/ [索取号:K237.09/147] | 在馆 | |
| 3 | 1300277 | 213002775 | 第二借阅区/ [索取号:K237.09/147] | 在馆 | |
| 4 | 1300278 | 213002784 | 第二借阅区/ [索取号:K237.09/147] | 在馆 |